Handbook of Agriculture (Record no. 5751)

MARC details
000 -LEADER
fixed length control field 00364nam a22001577a 4500
005 - DATE AND TIME OF LATEST TRANSACTION
control field 20181006122602.0
008 - FIXED-LENGTH DATA ELEMENTS--GENERAL INFORMATION
fixed length control field 181006b xxu||||| |||| 00| 0 eng d
020 ## - INTERNATIONAL STANDARD BOOK NUMBER
ISBN 978-81-7164-096-6
041 ## - LANGUAGE CODE
Language code of text/sound track or separate title eng
100 ## - MAIN ENTRY--AUTHOR NAME
Personal name ICAR
245 ## - TITLE STATEMENT
Title Handbook of Agriculture
260 ## - PUBLICATION, DISTRIBUTION, ETC. (IMPRINT)
Place of publication Delhi
Name of publisher ICAR
Year of publication 2017
300 ## - PHYSICAL DESCRIPTION
Number of Pages 1617
650 ## - SUBJECT ADDED ENTRY--TOPICAL TERM
Topical Term Agriculture
942 ## - ADDED ENTRY ELEMENTS (KOHA)
Koha item type Books
Holdings
Lost status Damaged status Collection code Home library Current library Shelving location Date acquired Source of acquisition Cost, normal purchase price Full call number Accession Number Koha item type
    Reference JRU Library JRU Library SHELF-2-E 06/10/2018 Purchase 1500.00 630 22475 Books
    AGRICULTURE JRU Library JRU Library SHELF-43-A 06/10/2018 Purchase 1500.00   22476 Books
    AGRICULTURE JRU Library JRU Library SHELF-43-A 06/10/2018 Purchase 1500.00   22477 Books
    AGRICULTURE JRU Library JRU Library SHELF-43-A 06/10/2018 Purchase 1500.00   22478 Books
    AGRICULTURE JRU Library JRU Library SHELF-5-D 06/10/2018 Purchase 1500.00   22479 Books
    AGRICULTURE JRU Library JRU Library SHELF-43-A 06/10/2018 Purchase 1500.00   22480 Books